• 首页
  • 本馆介绍
  • 公告通知
  • 最新文献
  • 馆藏检索
  • 电子资源
  • 读者导购
  • 参考咨询
  • 我的图书馆
  • 登录
  • 期刊详细显示
  • 现刊情况显示
  • 合订本情况显示
  • 篇目信息显示

期刊信息

  • 表格格式
  • 工作单格式
  • 卡片格式
索取号 
F23/KJSH
题名 
会计师
作者 
会计师杂志社
分册号 
分册名 
出版地 
北京
出版者 
会计师杂志社
标准刊号 
1672-6723
出版频率 
月刊
中图法分类 
F23
主题词 
会计
电子资源 
000 00640nas0 2200241 45
001 0552754062
005 20080702144438.51
010    @d10
011    @a1672-6723@dCNY10.00(2007)
091    @aCN11-5056/F
092    @b2-122
100    @a20051129d km y0chiy0120 ea
101 0  @achi
200 1  @a会计师@AKuai Ji Shi@f会计师杂志社@FKuai Ji Shi Za Zhi She
210    @a北京@c会计师杂志社
326    @a月刊@b2015.03~
326    @a半月刊@b2014.08~2015.02
326    @a月刊@b~2014.07
606 0  @a会计
690    @aF23@v4
701  0 @a会计师杂志社@AKuai Ji Shi Za Zhi She
801  0 @aCN@bPFT@c20080702
905    @aTJWY@dF23@eKJSH
    
    会计师/会计师杂志社.-北京:会计师杂志社
    
    
    
    10 ISSN 1672-6723:CNY10.00(2007)
    
●
相关链接: 在易读查询期刊 在中国知网中查询期刊 在万方数据查询期刊 在维普查询期刊
唐山师范学院图书馆 欢迎您!
大连网信软件有限公司© 版权所有